000 00743cab a2200241 4500
001 ABS53196
008 090401t1995 xxu||||| |||| 00| 0 eng d
035 _a(Sirsi) u2596
041 _aeng
100 _aAlamdari, F.
245 _aStatic cooling and displacement: the perfect mix?
260 _c1995
350 _a0
490 _aBuilding Services
_v17(7) July 1995, 29-31(3)
520 _aReports the findings of research into the combination of displacement ventilation and chilled ceilings, undertaken by BSRIA.
650 _aCHILLED CEILINGS
650 _aCOOLING DEVICES
650 _aDISPLACEMENT VENTILATION SYSTEMS
650 _aTHERMAL COMFORT
690 _aBlock management
_96220
942 _n0
948 _c04/03/1997
999 _c1566
_d1566